Kogo to płyta - polski rap #1 - Statystyki

Ogólne statystyki
  • Ten quiz został rozwiązany 59 razy
  • Średni wynik to 5 z 10
Statystyki odpowiedzi
Hint Odpowiedź % Poprawnych
Café Belga Taco Hemingway
88%
Dzieci Duchy Szpaku
87%
Posejdon Kizo
73%
in real life Bambi
67%
Evil Twin Guzior
63%
WIDMO PRO8L3M
44%
Pokój Zero Solar
37%
Digital Scale Music Kaz Bałagane
33%
W stronę światła Miszel
21%
FORZA Tuzza Globale
19%
Nie znaleziono quizów pasujących do podanych kryteriów
Rozkład punktacji
Procent ludzi z każdym wynikiem
Percentyl według liczby udzielonych odpowiedzi
Twoja historia wyników
Nie rozwiązałeś tego quizu